000 00445nam a2200145Ia 4500
008 190717s9999 xx 000 0 und d
100 _aDumaraos, Gelyka Ruth R.
245 4 _aThe Enabler of dreams/
245 _cGelyka Ruth R. Dumaraos
260 _bFAME Inc.
260 _c2018
300 _aPages 12-14, June 2018
440 _aHealth and Lifestyle: The Enabler of Dreams
_v12/30/1899 5:06:00 PM
650 _aEdgardo J. Angara (1934-2018)
999 _c361965
_d361965